E3 Maths 6 (BAR CHARTS) Quiz Stats

Quiz not verified by Sporcle

Challenge
Share
Tweet
Score 0/13 Timer 10:00
0 Plays Today
% Correct
50
100%
20
90.9%
8
90.9%
2
90.9%
5
90.9%
6
90.9%
3
90.9%
45
86.4%
34
86.4%
30
86.4%
May
86.4%
January
81.8%
£1 000
77.3%

You're not logged in!

Compare scores with friends on all Sporcle quizzes.
Sign Up with Email
OR
Log In

You Might Also Like...

Show Comments

Extras

Top Quizzes Today


Score Distribution

Your Account Isn't Verified!

In order to create a playlist on Sporcle, you need to verify the email address you used during registration. Go to your Sporcle Settings to finish the process.

Report this User

Report this user for behavior that violates our Community Guidelines.

Details: